000 00570nam a2200157 4500
999 _c7224
_d7224
008 170810b xxu||||| |||| 00| 0 eng d
022 _a16565541
082 _aDPer 641.05 F73 Dec 2012-Nov 2013 v. 9-10, n. 6-5
100 _921856
_aLee, Leslie Go.
245 _aReinventing Wendy's/
_cLeslie Go Lee.
260 _aMakati City, Philippines:
_bHinge Inquirer Publications, Inc.,
_c©2012-2013.
300 _av10 n4, pages 32-34:
_billustrations;
_c28 cm.
500 _aFood and beverages: make a living with food.
650 0 _921861
_aRestaurants
942 _2ddc
_cPER